<?xml version="1.0" encoding="UTF-8"?>
<record
    xmlns:xsi="http://www.w3.org/2001/XMLSchema-instance"
    xsi:schemaLocation="http://www.loc.gov/MARC21/slim http://www.loc.gov/standards/marcxml/schema/MARC21slim.xsd"
    xmlns="http://www.loc.gov/MARC21/slim">

  <leader>01232nam a2200337 a 4500</leader>
  <controlfield tag="001">000112284</controlfield>
  <controlfield tag="003">CHAP</controlfield>
  <controlfield tag="005">20220329144255.0</controlfield>
  <controlfield tag="008">160121s2015    mx      sm   |||||||spa d</controlfield>
  <datafield tag="010" ind1=" " ind2=" ">
    <subfield code="a">108745</subfield>
  </datafield>
  <datafield tag="011" ind1=" " ind2=" ">
    <subfield code="a">109717</subfield>
  </datafield>
  <datafield tag="040" ind1=" " ind2=" ">
    <subfield code="c">CHAP</subfield>
  </datafield>
  <datafield tag="090" ind1=" " ind2=" ">
    <subfield code="a">Tesis</subfield>
  </datafield>
  <datafield tag="100" ind1="1" ind2=" ">
    <subfield code="a">G&#xF3;mez L&#xF3;pez, Ariste</subfield>
    <subfield code="9">130503</subfield>
  </datafield>
  <datafield tag="245" ind1="1" ind2="0">
    <subfield code="a">Efecto de bioaceites esenciales en el control de Moniliophthora roreri (Cif &amp; Par) Evans causante de la moniliasis del cacao/</subfield>
    <subfield code="h">[En l&#xED;nea]</subfield>
    <subfield code="c">por Ariste G&#xF3;mez L&#xF3;pez.</subfield>
  </datafield>
  <datafield tag="260" ind1=" " ind2=" ">
    <subfield code="a">Chapingo, M&#xE9;x. :</subfield>
    <subfield code="b">El autor,</subfield>
    <subfield code="c">2015.</subfield>
  </datafield>
  <datafield tag="500" ind1=" " ind2=" ">
    <subfield code="a">Para ver el contenido del material haga clic en la liga</subfield>
  </datafield>
  <datafield tag="502" ind1=" " ind2=" ">
    <subfield code="a">Tesis (Ing. Agr. Esp. en Zonas Tropicales) -- UACH. Unidad Regional Universitaria Sursureste</subfield>
  </datafield>
  <datafield tag="590" ind1=" " ind2=" ">
    <subfield code="a">E5995AHE</subfield>
    <subfield code="b">05</subfield>
    <subfield code="c">20160121</subfield>
    <subfield code="l">UCH01</subfield>
    <subfield code="h">1343</subfield>
  </datafield>
  <datafield tag="590" ind1=" " ind2=" ">
    <subfield code="a">E5995AHE</subfield>
    <subfield code="b">05</subfield>
    <subfield code="c">20160121</subfield>
    <subfield code="l">UCH01</subfield>
    <subfield code="h">1343</subfield>
  </datafield>
  <datafield tag="590" ind1=" " ind2=" ">
    <subfield code="a">E5995AHE</subfield>
    <subfield code="b">10</subfield>
    <subfield code="c">20160121</subfield>
    <subfield code="l">UCH01</subfield>
    <subfield code="h">1336</subfield>
  </datafield>
  <datafield tag="650" ind1="1" ind2="4">
    <subfield code="a">Aceites esenciales.</subfield>
    <subfield code="9">455</subfield>
  </datafield>
  <datafield tag="650" ind1="1" ind2="4">
    <subfield code="a">Cacao</subfield>
    <subfield code="x">Enfermedades.</subfield>
    <subfield code="9">16941</subfield>
  </datafield>
  <datafield tag="650" ind1="1" ind2="4">
    <subfield code="a">Fungicidas.</subfield>
    <subfield code="9">44044</subfield>
  </datafield>
  <datafield tag="650" ind1="1" ind2="4">
    <subfield code="a">Moniliopthora roreri.</subfield>
    <subfield code="9">77524</subfield>
  </datafield>
  <datafield tag="650" ind1="1" ind2="4">
    <subfield code="a">Plantas tropicales.</subfield>
    <subfield code="9">89088</subfield>
  </datafield>
  <datafield tag="856" ind1=" " ind2=" ">
    <subfield code="a">Finding aid</subfield>
    <subfield code="u">http://10.13.5.2/tesis/sist112284.pdf</subfield>
    <subfield code="z">Teclea aqu&#xED;</subfield>
  </datafield>
  <datafield tag="901" ind1=" " ind2=" ">
    <subfield code="a">BK</subfield>
  </datafield>
  <datafield tag="942" ind1=" " ind2=" ">
    <subfield code="c">TESIS</subfield>
  </datafield>
  <datafield tag="942" ind1=" " ind2=" ">
    <subfield code="n">0</subfield>
  </datafield>
  <datafield tag="999" ind1=" " ind2=" ">
    <subfield code="c">108745</subfield>
    <subfield code="d">108745</subfield>
  </datafield>
  <datafield tag="952" ind1=" " ind2=" ">
    <subfield code="0">0</subfield>
    <subfield code="1">0</subfield>
    <subfield code="2">local</subfield>
    <subfield code="4">0</subfield>
    <subfield code="5">3</subfield>
    <subfield code="7">0</subfield>
    <subfield code="8">TESIS</subfield>
    <subfield code="a">BC</subfield>
    <subfield code="b">BC</subfield>
    <subfield code="c">PA_TESIS</subfield>
    <subfield code="d">2016-01-21</subfield>
    <subfield code="f">TESIS</subfield>
    <subfield code="l">0</subfield>
    <subfield code="o">Tesis</subfield>
    <subfield code="p">33724002517082</subfield>
    <subfield code="r">2019-12-31 00:00:00</subfield>
    <subfield code="t">c.2</subfield>
    <subfield code="w">2019-12-31</subfield>
    <subfield code="y">TESIS</subfield>
  </datafield>
  <datafield tag="952" ind1=" " ind2=" ">
    <subfield code="0">0</subfield>
    <subfield code="1">0</subfield>
    <subfield code="4">0</subfield>
    <subfield code="5">4</subfield>
    <subfield code="7">1</subfield>
    <subfield code="8">TESIS</subfield>
    <subfield code="a">BC</subfield>
    <subfield code="b">BC</subfield>
    <subfield code="d">2016-01-21</subfield>
    <subfield code="f">TESIS</subfield>
    <subfield code="l">0</subfield>
    <subfield code="o">Tesis</subfield>
    <subfield code="p">33724002517124</subfield>
    <subfield code="r">2019-12-31 00:00:00</subfield>
    <subfield code="w">2019-12-31</subfield>
    <subfield code="y">TESIS</subfield>
    <subfield code="z">Recien adquirido</subfield>
  </datafield>
</record>
